| 000 | 01033cab a22001815a 4500 | ||
|---|---|---|---|
| 001 | L138821 | ||
| 008 | 070713s2007 xxk f s 000 0 eng d | ||
| 035 | _a(Sirsi) u138821 | ||
| 041 | 0 | _aeng | |
| 100 | 1 | _aFisher, Liz | |
| 245 | 0 | 0 | _aBoom boom |
| 260 | _c2007 | ||
| 490 | 0 |
_aAccountancy _v140(1367) July 2007, 22-41(8) |
|
| 520 | _aSeries of articles reports on the annual top 60 league table of accountancy firms. Reports that firms are enjoying a second year of growth above inflation. Total fee income increased by 13.8%, falling only slightly short of the 14.1% reported in 2006, and contrasting with 4.8% in 2005. Almost all firms reported positive fee income growth. Partner numbers have increased and fees per partner rose by 5%, but only 11% of partners are women. Audit and assurance are booming. Consultancy is returning to mainstream operations. Service line profitability is examined. Tables. | ||
| 651 | 4 |
_aUnited Kingdom _y |
|
| 690 | _aMANAGEMENT-BUSINESS MANAGEMENT-FINANCIAL MANAGEMENT-ACCOUNTING | ||
| 942 | _n0 | ||
| 999 |
_c79002 _d79002 |
||